000 00539nam a2200157 4500
008 161014b xxu||||| |||| 00| 0 eng d
022 _a0893-8989
082 _aDPer 363.205 P75 Aug 2014- Apr 2015 v. 38-39
100 _916221
_aCaputo, Dean
245 _aPractical flashlight techniques and tactics/
_cDean Caputo.
260 _aCalifornia:
_bBobit Business Media,
_cc2014-2015.
300 _av39 n4, pages 42-47;
_c28 cm.
500 _aPolice: The Law Enforcement Magazine.
650 0 _919418
_aTools
_vFlashlights
942 _2ddc
_cPER
999 _c5229
_d5229